Normal view
MARC view
- الطراونة، محمد سالم
Entry Personal Name
001 - CONTROL NUMBER
- control field: 63787
003 - CONTROL NUMBER IDENTIFIER
- control field: JO-AjAnu
005 - DATE AND TIME OF LATEST TRANSACTION
- control field: 20230606084417.0
008 - FIXED-LENGTH DATA ELEMENTS
- fixed length control field: 230606|| aca||aabn | a|a d
040 ## - CATALOGING SOURCE
- Original cataloging agency: JO-AjAnu
- Transcribing agency: JO-AjAnu
100 ## - HEADING--PERSONAL NAME
- Personal name: الطراونة، محمد سالم
670 ## - SOURCE DATA FOUND
- Source citation: Work cat.: (JO-AjAnu)32520: الطراونة، محمد سالم, author, لواء الكرك في فترة الحكومة العربية الفيصلية 1918-1926م: (دراسة ادارية واجتماعية واقتصادية)